|
|
|
|
| LEADER |
00000cam a2200000 a 4500 |
| 001 |
vtls011702342 |
| 003 |
SK-MaSNL |
| 005 |
20260301182008.0 |
| 008 |
240314s2017 xo oab b p 000 0 hun |
| 015 |
|
|
|a SNBA2017/08
|
| 020 |
|
|
|a 9788010031795
|q (brož.)
|
| 035 |
|
|
|a urn:nbn:sk:snk-am00cygs
|
| 035 |
|
|
|a urn:nbn:sk:snk-am3hfgr
|
| 035 |
|
|
|a 698B5CEB-EB3D-464E-9B6C-5CE3FA804873
|
| 040 |
|
|
|a SNK
|b slo
|c SNK
|e AACR2
|
| 041 |
1 |
|
|a hun
|h slo
|
| 044 |
|
|
|a xo
|c SK
|
| 072 |
|
7 |
|a 373.2/.3
|x Predškolská a primárna výchova a vzdelávanie
|2 konspekt
|
| 080 |
|
|
|a 37.016:001.101-028.31
|2 2011
|
| 080 |
|
|
|a (075.2)
|2 2011
|
| 100 |
1 |
|
|a Wiegerová, Adriana,
|d 1969-
|4 aut
|9 11951
|
| 245 |
1 |
0 |
|a Környezetismeret
|b az alapiskola 2. osztálya számára
|c Adriana Wiegerová, Gabriela Česlová, Jana Majerčíková ; [fordította Urbán Zsolt ; illusztráció Miroslav Regitko ... [et al.]]
|
| 246 |
3 |
3 |
|a Környezetismeret 2
|
| 250 |
|
|
|a 2. kiad.
|
| 260 |
|
|
|a Bratislava
|b Slovenské pedagogické nakladateľstvo - Mladé letá
|c 2017
|
| 300 |
|
|
|a 79 s.
|b fotogr., ilustr., mp.
|c 30 cm
|
| 500 |
|
|
|a Tir. aj slov.
|
| 650 |
0 |
7 |
|a prvouka
|2 SNKPH
|9 3651
|
| 650 |
0 |
7 |
|a Elementary school teaching
|2 SNKPHeng
|9 335841
|
| 655 |
|
7 |
|a učebnice základných škôl
|2 SNKPH
|9 70187
|
| 655 |
|
7 |
|a Textbooks (elementary)
|2 SNKPHeng
|9 276977
|
| 700 |
1 |
|
|a Česlová, Gabriela
|4 aut
|9 118039
|
| 700 |
1 |
|
|a Majerčíková, Jana,
|d 1969-
|4 aut
|9 233088
|
| 700 |
1 |
|
|a Urbán, Zsolt
|4 trl
|9 26162
|
| 700 |
1 |
|
|a Regitko, Miroslav,
|d 1965-
|4 ill
|9 214883
|
| 852 |
|
|
|a Štátna vedecká knižnica v Banskej Bystrici
|
| 919 |
|
|
|a 978-80-10-03179-5
|
| 958 |
|
|
|a OP
|
| 968 |
|
|
|a Mag
|b SLO
|
| 999 |
|
|
|c 852049
|d 853979
|
| 952 |
|
|
|a SNK
|b SNK
|y PREZ
|7 0
|p 17A1269963
|o snkSB 91796
|i snk2017/17825
|8 0
|0 0
|1 0
|4 0
|d 2017-08-03
|f 1
|l 0
|r 2025-05-13 00:00:00
|w 2026-02-24
|
| 952 |
|
|
|a SNK
|b SNK
|y VYP
|7 0
|p 17A1269964
|o snkSB 91796 D1
|i snk2017/17826
|8 0
|0 0
|1 0
|4 0
|d 2017-08-03
|l 0
|r 2026-02-24 04:45:09
|w 2026-02-24
|